Statistics for Famous people - born in Germany or not?

Click here to take the quiz!

General Stats

  • This quiz has been taken 36 times
  • The average score is 12 of 17

Answer Stats

QuestionAnswer% Correct
Was Adolf Hitler born in Germany?No
94%
Was Grace Kelly born in Germany?No
86%
Was Heidi Klum born in Germany?Yes
86%
Was Leonardo DiCaprio born in Germany?No
83%
Was Arnold Schwarzenegger born in Germany?No
83%
Was Dirk Nowitzki born in Germany?Yes
80%
Was Wolfgang Amadeus Mozart born in Germany?No
77%
Was Taylor Swift born in Germany?No
77%
Was Diane Kruger born in Germany?Yes
71%
Was Johann Sebastian Bach born in Germany?Yes
69%
Was Christoph Waltz born in Germany?No
63%
Was Michael Fassbender born in Germany?Yes
63%
Was Jeremy Renner born in Germany?No
60%
Was Anne Frank born in Germany?Yes
60%
Was Bruce Willis born in Germany?Yes
54%
Was Sarah Bullock born in Germany?No
51%
Was Kirsten Dunst born in Germany?No
34%

Score Distribution

Percentile by Number Answered

Percent of People with Each Score

Your Score History

You have not taken this quiz